| 000 | 00577nam a2200193 u 4500 | ||
|---|---|---|---|
| 005 | 20210223130449.0 | ||
| 008 | 080526s2007 mx 000 0 spa d | ||
| 020 | _a9789702917847 | ||
| 035 | _aUPN01000156286 | ||
| 049 | _aCG | ||
| 050 | 4 |
_aQL676.57 M6 _bO5.2 |
|
| 100 | 1 | _aOlmo L., Gerardo del | |
| 245 | 1 | 1 |
_a¡Aves! en peligro / _ctexto e il. Gerardo del Olmo L. ; fots. Gustavo Vela. |
| 260 |
_aMéxico : _bSantillana, _cc2007. |
||
| 300 |
_a87 p. : _bil., fotos |
||
| 650 | 4 |
_aPROTECCION DE AVES - _zMEXICO _913007 |
|
| 650 | 4 |
_aAVES - _zMEXICO _913008 |
|
| 905 | _aLibro | ||
| 999 |
_c128400 _d128400 |
||